01515nam a2200337 a 4500001001200000003000800012006001900020007001500039008004100054010001700095020004100112020002700153040002100180035002100201050002300222082001500245100003600260245011500296260003600411300001100447504004100458505024600499533015200745650003200897650002800929650002900957655002900986710001701015856012601032999001901158ebr10516934CaPaEBRm u cr cn|||||||||080125s2008 nyu sb 000 0 eng d z 2008003456 z9780820486147 (hardcover alk. paper) z9781453902943 (e-book) aCaPaEBRcCaPaEBR a(OCoLC)77428738114aHQ460b.B67 2008eb04a306.772221 aBoodakian, Florence Dee,d1961-10aResisting nuditiesh[electronic resource] :ba study in the aesthetics of eroticism /cFlorence Dee Boodakian. aNew York :bPeter Lang,cc2008. a102 p. aIncludes bibliographical references.0 aThe resisting nude -- The bare necessity of the kiss -- The sense connection : poesis making & the erotic -- Porn & the erotic : a border of impossibility -- Surveilled body/surveilled mind -- Resistance, revolt and the poetry of jouissance. aElectronic reproduction.bPalo Alto, Calif. :cebrary,d2012.nAvailable via World Wide Web.nAccess may be limited to ebrary affiliated libraries. 0aHuman bodyxErotic aspects. 0aNudityxSocial aspects. 0aEroticism in literature. 7aElectronic books.2local2 aebrary, Inc.40uhttp://site.ebrary.com/lib/rucke/Doc?id=10516934zAn electronic book accessible through the World Wide Web; click to view c223864d223864